Tập bài hát 2
Sách gồm 12 bài hát phù hợp với lứa tuổi thiếu nhi, hướng dẫn các em cách học hát đúng nhạc, đúng lời giúp các em nâng cao khả năng âm nhạc của bản thân.
Saved in:
| Main Author: | |
|---|---|
| Format: | Book |
| Language: | Undetermined |
| Published: |
Hà Nội
Giáo dục
2010
|
| Subjects: | |
| Tags: |
Add Tag
No Tags, Be the first to tag this record!
|
| Institutions: | Trung tâm Học liệu Trường Đại học Cần Thơ |
|---|
| LEADER | 00825nam a2200217Ia 4500 | ||
|---|---|---|---|
| 001 | CTU_158045 | ||
| 008 | 210402s9999 xx 000 0 und d | ||
| 020 | |c 2300 | ||
| 082 | |a 372.87 | ||
| 082 | |b L431/L.2 | ||
| 100 | |a Hoàng, Long | ||
| 245 | 0 | |a Tập bài hát 2 | |
| 245 | 0 | |c Hoàng Long (chủ biên) | |
| 260 | |a Hà Nội | ||
| 260 | |b Giáo dục | ||
| 260 | |c 2010 | ||
| 520 | |a Sách gồm 12 bài hát phù hợp với lứa tuổi thiếu nhi, hướng dẫn các em cách học hát đúng nhạc, đúng lời giúp các em nâng cao khả năng âm nhạc của bản thân. | ||
| 650 | |a Music | ||
| 650 | |x Study and teaching (Elementary) | ||
| 904 | |i Phan Thị Kim Lan (Đào Thị Bé Ba) | ||
| 980 | |a Trung tâm Học liệu Trường Đại học Cần Thơ | ||